Κεφάλαια Γεωλογίας Μηχανικού I / Βοήθημα για τις Ασκήσεις - Γεωμορφολογία και Τοπογραφικοί Χάρτες - Γωλογικές Δομές και Γεωλογικοί Χάρτες (Record no. 9434)
[ view plain ]
| 000 -LEADER | |
|---|---|
| fixed length control field | 01216cam a22001934a 4500 |
| 005 - ΗΜΕΡΟΜΗΝΙΑ ΚΑΙ ΩΡΑ ΤΕΛΕΥΤΑΙΑΣ ΕΝΗΜΕΡΩΣΗΣ | |
| Πεδίο ελέγχου | 20250605164400.0 |
| 008 - FIXED-LENGTH DATA ELEMENTS--GENERAL INFORMATION | |
| Πεδίο ελέγχου σταθερού μήκους | 250528s ||||||||||||||||||||||||d |
| 035 ## - SYSTEM CONTROL NUMBER | |
| System control number | 24560 |
| 040 ## - ΠΗΓΗ ΚΑΤΑΛΟΓΟΓΡΑΦΗΣΗΣ | |
| Φορέας πρωτότυπης καταλογογράφησης | MC Athens Campus Library |
| Γλώσσα καταλογογράφησης | Ελληνικά, Μοντέρνα (1453-) |
| Modifying agency | MC Athens Campus Library |
| Κανόνες περιγραφικής καταλογογράφησης | AACR2 |
| 245 1# - ΤΙΤΛΟΣ ΚΑΙ ΔΗΛΩΣΗ ΥΠΕΥΘΥΝΟΤΗΤΑΣ | |
| Τίτλος | Κεφάλαια Γεωλογίας Μηχανικού I / Βοήθημα για τις Ασκήσεις - Γεωμορφολογία και Τοπογραφικοί Χάρτες - Γωλογικές Δομές και Γεωλογικοί Χάρτες |
| 260 ## - PUBLICATION, DISTRIBUTION, ETC. | |
| Place of publication, distribution, etc. | Αθήνα |
| Name of publisher, distributor, etc. | Ε.Μ. Πολυτεχνείο, |
| Date of publication, distribution, etc. | 1992 |
| 300 ## - PHYSICAL DESCRIPTION | |
| Extent | 110 |
| 520 ## - SUMMARY, ETC. | |
| Summary, etc. | Γενικά, Ο Τοπογραφικός Χάρτης, Η Ανάγνωση του Χάρτη, Χρήση Τοπογραφικού Χάρτη στο Ύπαιθρο, Τοπογραφικοί Χάρτες και Γεωμορφολογική και Γεωλογική Πληροφόρηση, Οριζόντια Στρώματα, Κεκλιμένα Στρώματα, Πάχος Στρωμάτων, Πρόβλημα Τριών Σημείων, Ασυμφωνίες, Ρήγματα, Πτυχές. |
| 700 1# - ΠΡΟΣΘΕΤΗ ΑΝΑΓΡΑΦΗ--ΦΥΣΙΚΟ ΠΡΟΣΩΠΟ | |
| Personal name | Διαμαντή Ι |
| 9 (RLIN) | 9476 |
| 700 1# - ΠΡΟΣΘΕΤΗ ΑΝΑΓΡΑΦΗ--ΦΥΣΙΚΟ ΠΡΟΣΩΠΟ | |
| Personal name | Μαρίνος Π |
| 9 (RLIN) | 9477 |
| 942 ## - ADDED ENTRY ELEMENTS (KOHA) | |
| Koha item type | Books |
| Τύπος τεκμηρίου | Βιβλιοθήκη | Τρέχουσα τοποθεσία | Barcode | Αριθμός εισαγωγής | Ημερομηνία απόκτησης | Ταξιθετικό σύμβολο | Αριθμός αντιτύπου | Αρίθμηση σειρών / χρονολογία | Κατάσταση απόσυρσης | Κατάσταση χαμένου | Κατάσταση κατεστραμμένου | Μη δανεισμός | Σύνολο δανεισμών | Ημερομηνία τελευταίας εμφάνισης | Η τιμή ισχύει από |
|---|---|---|---|---|---|---|---|---|---|---|---|---|---|---|---|
| Books | MC Athens Campus Library | MC Athens Campus Library | 9780000094339 | 7745 | 624.151 MAR V.I | 1 | I | 05/06/2025 | 05/06/2025 |